| 000 | 00591nam a2200205Ia 4500 | ||
|---|---|---|---|
| 005 | 20260429112228.0 | ||
| 008 | 260429s9999||||xx |||||||||||||| ||und|| | ||
| 020 | _a9788197240317 | ||
| 041 | _aEnglish | ||
| 082 |
_a302.231 _bSHU |
||
| 100 | _aShukla, Shubhendu Shekher | ||
| 245 | 0 |
_aSocial media and web analytics : _ba comprehensive guide / _cShubhendu Shekher Shukla |
|
| 260 |
_aNew Delhi : _bAne Books, _c2025. |
||
| 300 | _a345 p.; hb | ||
| 650 | _a Communication media | ||
| 650 | _a Social media | ||
| 650 | _a Web analytics | ||
| 650 | _aSocial interaction | ||
| 942 | _cTB | ||
| 999 |
_c53004 _d53004 |
||